| 000 | 00682nam a2200229Ia 4500 | ||
|---|---|---|---|
| 003 | OSt | ||
| 005 | 20230926110139.0 | ||
| 008 | 210716s2015 xx 000 0 und d | ||
| 020 | _a9789352132539 | ||
| 040 | _cAIMIT LIBRARY | ||
| 041 | _aeng | ||
| 082 |
_a005.13 _21 _bMCGJ |
||
| 100 |
_aMcgavren, Jay. _9135148 |
||
| 245 |
_aHead first ruby / _cBy Jay Mcgavren. |
||
| 250 | _a1st ed. | ||
| 260 |
_aNew Delhi : _bShroff Publishers and Distributors Pvt Ltd , _c2015. |
||
| 300 |
_axxxii,536p. ; _bPB _c23 cm. |
||
| 650 |
_aGetting organized _9135149 |
||
| 650 |
_aRelying on your parents _9135150 |
||
| 650 |
_aLabelling data _9135151 |
||
| 942 |
_2ddc _cBK _e1st ed. _k005.13 MCGJ |
||
| 999 |
_c195052 _d195052 |
||